التطوير الإلكتروني للمكاتب / (رقم التسجيلة. 17731)

تفاصيل مارك
000 -LEADER
fixed length control field 00595nam a22001937a 4500
005 - DATE AND TIME OF LATEST TRANSACTION
control field 20251108164929.0
008 - FIXED-LENGTH DATA ELEMENTS--GENERAL INFORMATION
fixed length control field 250721s1985 xx 000 0 ara d
082 14 - DEWEY DECIMAL CLASSIFICATION NUMBER
Classification number 651.02854/عبد
100 1# - MAIN ENTRY--PERSONAL NAME
Personal name هيكل، عبد العزيز
245 10 - TITLE STATEMENT
Title التطوير الإلكتروني للمكاتب /
264 1# - PRODUCTION, PUBLICATION, DISTRIBUTION, MANUFACTURE, AND COPYRIGHT NOTICE
Place of production, publication, distribution, manufacture بيروت :
Name of producer, publisher, distributor, manufacturer دار الراتب الجامعية،
Date of production, publication, distribution, manufacture, or copyright notice 1985.
300 ## - PHYSICAL DESCRIPTION
Extent 224ص : مص
490 0# - SERIES STATEMENT
Series statement ألكترونيك أوفيس ؛ 1
650 17 - SUBJECT ADDED ENTRY--TOPICAL TERM
Topical term or geographic name as entry element إدارة المكاتب
650 17 - SUBJECT ADDED ENTRY--TOPICAL TERM
Topical term or geographic name as entry element الحواسيب
700 1# - ADDED ENTRY--PERSONAL NAME
Personal name مدبك، ج.
942 ## - ADDED ENTRY ELEMENTS (KOHA)
Source of classification or shelving scheme Dewey Decimal Classification
Koha item type كتب
المقتنيات
حالة السحب حالة الفقدان مصدر التصنيف حالة التلف غير قابل للإعارة المكتبة الرئيسية المكتبة الحالية موقع الرف تاريخ التزويد الرقم المتسلسل Total Checkouts رقم الإستدعاء الباركود تاريخ آخر ظهور تاريخ الفاتورة نوع المادة (كوها)
    Dewey Decimal Classification     المكتبة المركزية المكتبة المركزية الإعارة 06/07/2004 160609   651.02854/عبد 160609 28/07/2025 06/07/2004 كتب
Withdrawn   Dewey Decimal Classification     المكتبة المركزية المكتبة المركزية الإعارة 02/09/2021 1745497   651.02854/عبد PLD00491831 28/07/2025 02/09/2021 كتب
Implemented & Customized by: BBB with SCIT (Smart Chains for Information Technology)

Powered by Koha